Gaming Quiz

Random Gaming Quiz

Warcraft Priest Abilities (Legion Edition) Quiz Stats

Quiz not verified by Sporcle

Also try: Stratego Pieces
Challenge
Share
Tweet
Embed
Score 0/60 Timer 15:00
0 Plays Today
Ability Answer % Correct
DisciplineSmite
95.7%
DisciplineShadow Word: Pain
95.7%
HolySmite
95.7%
ShadowShadow Word: Pain
95.7%
HolyRenew
87%
HolyHeal
87%
ShadowMind Blast
87%
ShadowShadow Word: Death
87%
DisciplinePower Word: Shield
87%
ShadowPower Word: Shield
87%
BaselineMass Dispel
82.6%
DisciplinePower Word: Barrier
82.6%
HolyFlash Heal
82.6%
ShadowMind Flay
82.6%
BaselineResurrection
78.3%
DisciplinePenance
78.3%
HolyHoly Fire
78.3%
HolyPrayer of Healing
78.3%
HolyPrayer of Mending
78.3%
HolyDivine Hymn
73.9%
ShadowVampiric Touch
73.9%
DisciplinePsychic Scream
73.9%
ShadowPsychic Scream
73.9%
BaselineDispel Magic
69.6%
HolyHoly Word: Chastise
69.6%
HolyGuardian Spirit
69.6%
DisciplineShadowfiend
69.6%
DisciplineLeap of Faith
69.6%
HolyLeap of Faith
69.6%
ShadowShadowfiend
69.6%
Ability Answer % Correct
BaselineLevitate
65.2%
BaselineMind Control
65.2%
BaselineFade
65.2%
Shadow Artifact AbilityVoid Torrent
65.2%
DisciplinePain Suppression
65.2%
Discipline Artifact AbilityLight's Wrath
65.2%
HolyHoly Word: Serenity
65.2%
ShadowVoid Eruption
65.2%
DisciplineShadow Mend
65.2%
DisciplineMind Vision
65.2%
ShadowShadow Mend
65.2%
ShadowMind Vision
65.2%
BaselineShackle Undead
60.9%
HolyHoly Word: Sanctify
60.9%
HolyHoly Nova
60.9%
ShadowVoid Bolt
60.9%
DisciplinePlea
60.9%
Holy Artifact AbilityLight of T'uure
56.5%
ShadowPurify Disease
56.5%
DisciplinePurify
56.5%
DisciplineMass Resurrection
56.5%
HolyPurify
56.5%
HolyMass Resurrection
56.5%
DisciplinePower Word: Radiance
52.2%
DisciplineRapture
52.2%
ShadowVampiric Embrace
52.2%
HolyDesperate Prayer
50%
DisciplineAtonement
47.8%
ShadowSilence
47.8%
ShadowDispersion
47.8%

You're not logged in!

Compare scores with friends on all Sporcle quizzes.
Join for Free
OR
Log In

You Might Also Like...

Show Comments

Extras

Top Quizzes Today


Score Distribution

Your Account Isn't Verified!

In order to create a playlist on Sporcle, you need to verify the email address you used during registration. Go to your Sporcle Settings to finish the process.

Report this User

Report this user for behavior that violates our Community Guidelines.

Details: